000 00337nam a2200145Ia 4500
008 150201s2006 xx 000 0 und d
082 _a618.92
_bN06I
100 _aILLINGWORTH, R.S.
245 _aTHE NORMAL CHILD
250 _a10TH
260 _bCHURCHILL
_aDELHI
_c2006
300 _a1-450
650 _aPAEDIATRICS
942 _2ddc
_cBK
_01
999 _c216
_d216